| 000 | 00992cac a22002775a 4500 | ||
|---|---|---|---|
| 005 | 20150817123256.0 | ||
| 008 | 100922t2007 mau |||| |||| 001 0 eng d | ||
| 010 | _a 2006925398 | ||
| 020 | _a9780750669917 | ||
| 040 |
_aEG-ScBUE _beng _cEG-ScBUE |
||
| 082 | 0 | 4 |
_a629.2872 _bDEN _222 |
| 100 | 1 |
_aDenton, Tom. _919796 |
|
| 245 | 1 | 0 |
_aAdvanced automotive fault diagnosis / _cTom Denton. |
| 250 | _a2nd ed. | ||
| 260 |
_aBurlington : _bElsevier Butterworth-Heinemann, _c2007. |
||
| 300 |
_axvi, 271 p.: _bill. ; _c27 cm. |
||
| 500 | _aIndex : p. 267-271. | ||
| 590 | _aDoha Ragab | ||
| 650 | 0 |
_aAutomobiles _xMaintenance and repair. _919797 _2BUEsh |
|
| 650 | 0 |
_aFault location (Engineering) _919798 _2BUEsh |
|
| 651 | _2BUEsh | ||
| 653 |
_bENGGEN _cAugust2015 |
||
| 856 | 4 | 1 |
_3Table of contents only _uhttp://www.loc.gov/catdir/toc/fy0708/2006925398.html |
| 856 | 4 | 1 |
_3Publisher description _uhttp://www.loc.gov/catdir/enhancements/fy0707/2006925398-d.html |
| 942 |
_cBB _2ddc |
||
| 999 |
_c8335 _d8335 |
||